Online
Catalog

Estudios históricos / (Record no. 5584)

MARC details
000 -CABECERA
campo de control de longitud fija 01069cam a22002651 4500
001 - NÚMERO DE CONTROL
campo de control 000005788
005 - FECHA Y HORA DE LA ÚLTIMA TRANSACCIÓN
campo de control 20200929151803.0
008 - DATOS DE LONGITUD FIJA--INFORMACIÓN GENERAL
campo de control de longitud fija 790111s1966 uy b 000 0 spa
010 ## - NÚMERO DE CONTROL DE LA BIBLIOTECA DEL CONGRESO
Número de control de LC 70225253
040 ## - FUENTE DE LA CATALOGACIÓN
Centro catalogador/agencia de origen DO-SdBNP
Centro/agencia transcriptor NbU
Centro/agencia modificador DLC
082 ## - NÚMERO DE LA CLASIFICACIÓN DECIMAL DEWEY
Número de clasificación 989.5
Número de documento/Ítem B228e
100 1# - ENTRADA PRINCIPAL--NOMBRE DE PERSONA
Nombre de persona Barbagelata, Lorenzo,
Fechas asociadas al nombre 1867-1944
9 (RLIN) 16373
245 10 - MENCIÓN DE TÍTULO
Título Estudios históricos /
Mención de responsabilidad, etc. Lorenzo Barbagelata, prólogo de Eustaquio Tome.
260 ## - PUBLICACIÓN, DISTRIBUCIÓN, ETC.
Lugar de publicación, distribución, etc. Montevideo :
Nombre del editor, distribuidor, etc. Ministerio de Instrucción Pública y Previsión Social,
Fecha de publicación, distribución, etc. 1966.
300 ## - DESCRIPCIÓN FÍSICA
Extensión xxii, 131 p. ;
Dimensiones 19 cm.
490 1# - MENCIÓN DE SERIE
Mención de serie Biblioteca Artigas.
Designación de volumen o secuencia v. 112
490 1# - MENCIÓN DE SERIE
Mención de serie Clásicos uruguayos,
Designación de volumen o secuencia v. 112
504 ## - NOTA DE BIBLIOGRAFÍA, ETC.
Nota de bibliografía, etc. Incluye referencia bibliográficas y nota al pie de las páginas
505 0# - NOTA DE CONTENIDO CON FORMATO
Nota de contenido con formato Artigas ante de 1810.--Guayabos.--La preterdida hijuela argentina sobre el Río de la Plata.
651 #4 - PUNTO DE ACCESO ADICIONAL DE MATERIA--NOMBRE GEOGRÁFICO
Nombre geográfico Uruguay
Subdivisión general Historia
9 (RLIN) 16314
600 14 - PUNTO DE ACCESO ADICIONAL DE MATERIA--NOMBRE DE PERSONA
Nombre de persona ARTIGAS, JOSÉ GERVASIO,
Fechas asociadas al nombre 1764-1850.
9 (RLIN) 16374
700 1# - PUNTO DE ACCESO ADICIONAL--NOMBRE DE PERSONA
Nombre de persona Tome, Eustaquio,
Término indicativo de función/relación pról.
9 (RLIN) 16342
830 #0 - PUNTO DE ACCESO ADICIONAL DE SERIE-TÍTULO UNIFORME
Título uniforme Biblioteca Artigas
Nombre de parte o sección de la obra Clásicos uruguayos,
Designación de volumen o secuencia v. 112
9 (RLIN) 16276
910 ## - DATOS DE OPCIÓN DEL USUARIO (OCLC)
Datos de opción del usuario Catalogación por copia / LC
Holdings
Estado de retiro Estado de pérdida Restricciones de uso No para préstamo Código de colección Localización permanente Ubicación/localización actual Ubicación en estantería Fecha de adquisición Número de inventario Total de préstamos Signatura topográfica completa Código de barras Fecha visto por última vez Precio válido a partir de Tipo de ítem Koha
    Préstamo interno   Monografías: Libros y Folletos General General En catalogación 22.08.2009 LF1   989.5 B228e 5788-10 25.06.2020 25.06.2020 Préstamo interno

Powered by Koha